000 00330nam a2200133 i 4500
001 bg
100 1 _aŻERNOV, V. S
245 _aNovye radiometričeskie i spektrometryčeskie pribory /
_cV.S. Żernov.
260 _aMoskva,
_c1960.
040 _cBPK
041 _apol
942 _cKS
008 s pl f |000 0 pol
999 _c12823
_d12823
856 _uhttp://koha.tu.koszalin.pl/cgi-bin/koha/opac-detail.pl?biblionumber=12823
_yKatalog online BPK